000 00729nam a22002177a 4500
003 UA-OsUOA
001 88514
007 ta
008 20121008b un ||||| |||| 00| 0 ukr d
090 _a811.16
_bС 47
942 _cBK
040 _aUA-OsUOA
_brus
_cUA-OsUOA
_dUA-OsUOA
245 _aСлавянская филология: Сборник статей
_bIV международный сьезд славистов
_cШварцкопф Б.С.
300 _a390 с.
955 _a1
041 _arus
080 _a811.16
260 _aМ.
_bАкадемия наук СССР
_c1958
650 7 _a8 Мовознавство. Художня література. Літературознавство
_2UDC
999 _c374381
_d374381